<?xml version="1.0" encoding="UTF-8"?>
<record
    xmlns:xsi="http://www.w3.org/2001/XMLSchema-instance"
    xsi:schemaLocation="http://www.loc.gov/MARC21/slim http://www.loc.gov/standards/marcxml/schema/MARC21slim.xsd"
    xmlns="http://www.loc.gov/MARC21/slim">

  <leader>01909nam a22003017a 4500</leader>
  <controlfield tag="003">DO-SdBNP</controlfield>
  <controlfield tag="005">20220302083007.0</controlfield>
  <controlfield tag="008">210310b1995       dr 00| 0 spa d</controlfield>
  <datafield tag="020" ind1=" " ind2=" ">
    <subfield code="a">8489527024</subfield>
  </datafield>
  <datafield tag="040" ind1=" " ind2=" ">
    <subfield code="a">BPMSU</subfield>
    <subfield code="b">spa.</subfield>
    <subfield code="c">BPMSU</subfield>
  </datafield>
  <datafield tag="082" ind1=" " ind2=" ">
    <subfield code="a">H861.09</subfield>
    <subfield code="b">C422p, 1995</subfield>
    <subfield code="2">22</subfield>
  </datafield>
  <datafield tag="100" ind1=" " ind2=" ">
    <subfield code="a">C&#xE9;pedes, Di&#xF3;genes </subfield>
    <subfield code="d">1941 -</subfield>
  </datafield>
  <datafield tag="245" ind1=" " ind2=" ">
    <subfield code="a">Pol&#xED;tica de la teor&#xED;a del lenguaje y la poes&#xED;a en Am&#xE9;rica Latina en el Siglo XX /</subfield>
    <subfield code="c">Di&#xF3;genes C&#xE9;spedes ; Isidro de los Santos</subfield>
  </datafield>
  <datafield tag="260" ind1=" " ind2=" ">
    <subfield code="a">Santo Domingo :</subfield>
    <subfield code="b">Universidad Aut&#xF3;noma de Santo Domingo ;</subfield>
    <subfield code="b">Librer&#xED;a 1a Trinitaria,</subfield>
    <subfield code="c">1995</subfield>
  </datafield>
  <datafield tag="300" ind1=" " ind2=" ">
    <subfield code="a">525 p. ;</subfield>
    <subfield code="c">21 cm.</subfield>
    <subfield code="b"> </subfield>
  </datafield>
  <datafield tag="490" ind1="0" ind2=" ">
    <subfield code="a">Publicaciones de la Universidad Aut&#xF3;noma de Santo Domingo;</subfield>
    <subfield code="a">Literatura y sociedad:</subfield>
    <subfield code="v">749 /46</subfield>
  </datafield>
  <datafield tag="500" ind1=" " ind2=" ">
    <subfield code="a">Incluye datos biogr&#xE1;ficos del autor en la solapa de la cubierta </subfield>
  </datafield>
  <datafield tag="500" ind1=" " ind2=" ">
    <subfield code="a">Incluye referencias bibliogr&#xE1;ficas y notas al pie de las p&#xE1;ginas </subfield>
  </datafield>
  <datafield tag="505" ind1=" " ind2=" ">
    <subfield code="a">Lo po&#xE9;tico y lo pol&#xED;tico en C&#xE9;sar Vallejo -- Gonz&#xE1;lez Prada / El lenguaje y su relaci&#xF3;n con las utop&#xED;as y los proyectos sociales 1880-1920 -- El efecto Rod&#xF3;. Nacionalismo idealista vs Nacionalismo pr&#xE1;ctico : Los intelectuales antes de y bajo Trujillo -- El problema el valor literario en la teor&#xED;a po&#xE9;tica de Macedonio Fern&#xE1;ndez  -- Teor&#xED;a de lo pol&#xED;tico, teor&#xED;a de la traducci&#xF3;n en Octavio Paz -- Cr&#xED;tica de la teor&#xED;a de la novela hispanoamericana contempor&#xE1;nea -- Sujeto y po&#xE9;tico de la historia en Yo el supremo de Roa Bastos -- Marxismo, cultura y racionalismo en el discurso de Jos&#xE9; Carlos Mariategui -- Huidobro, &#xBF;vanguardista?.</subfield>
  </datafield>
  <datafield tag="590" ind1=" " ind2=" ">
    <subfield code="a">Inventariado, 2021/ MC</subfield>
  </datafield>
  <datafield tag="650" ind1=" " ind2="4">
    <subfield code="a">Poes&#xED;a hispanoamericana</subfield>
    <subfield code="x">Historia y cr&#xED;tica </subfield>
    <subfield code="y">Siglo XX</subfield>
  </datafield>
  <datafield tag="650" ind1=" " ind2="4">
    <subfield code="a">Literatura hispanoamericana </subfield>
    <subfield code="x">Historia y cr&#xED;tica </subfield>
    <subfield code="y">Siglo XX</subfield>
  </datafield>
  <datafield tag="650" ind1=" " ind2="4">
    <subfield code="a">Novela hispanoamericana</subfield>
    <subfield code="x">Historia y cr&#xED;tica </subfield>
    <subfield code="y">Siglo XX</subfield>
  </datafield>
  <datafield tag="650" ind1=" " ind2="4">
    <subfield code="a">Literatura y sociedad</subfield>
  </datafield>
  <datafield tag="830" ind1=" " ind2=" ">
    <subfield code="v"> </subfield>
  </datafield>
  <datafield tag="910" ind1=" " ind2=" ">
    <subfield code="a">MCabrera / VMateo </subfield>
  </datafield>
  <datafield tag="942" ind1=" " ind2=" ">
    <subfield code="2">ddc</subfield>
    <subfield code="c">BK</subfield>
  </datafield>
  <datafield tag="952" ind1=" " ind2=" ">
    <subfield code="0">0</subfield>
    <subfield code="1">0</subfield>
    <subfield code="2">ddc</subfield>
    <subfield code="4">0</subfield>
    <subfield code="7">0</subfield>
    <subfield code="8">CD</subfield>
    <subfield code="a">BPMET</subfield>
    <subfield code="b">BPMET</subfield>
    <subfield code="d">2021-03-10</subfield>
    <subfield code="e">Compra</subfield>
    <subfield code="i"> </subfield>
    <subfield code="o">BNPHU CD H861.09 C422p 1995</subfield>
    <subfield code="p">BPMSU21030016</subfield>
    <subfield code="r">2021-03-10</subfield>
    <subfield code="t"> </subfield>
    <subfield code="w">2021-03-10</subfield>
    <subfield code="y">BK</subfield>
  </datafield>
  <datafield tag="952" ind1=" " ind2=" ">
    <subfield code="0">0</subfield>
    <subfield code="1">0</subfield>
    <subfield code="2">ddc</subfield>
    <subfield code="4">0</subfield>
    <subfield code="7">0</subfield>
    <subfield code="8">CD</subfield>
    <subfield code="a">BPMET</subfield>
    <subfield code="b">BPMET</subfield>
    <subfield code="d">2021-03-10</subfield>
    <subfield code="e">Compra</subfield>
    <subfield code="i"> </subfield>
    <subfield code="o">BPMSU CD H861.09 C422p 1995</subfield>
    <subfield code="p">BPMSU21030015</subfield>
    <subfield code="r">2021-03-10</subfield>
    <subfield code="t">e.2</subfield>
    <subfield code="w">2021-03-10</subfield>
    <subfield code="y">BK</subfield>
  </datafield>
  <datafield tag="952" ind1=" " ind2=" ">
    <subfield code="0">0</subfield>
    <subfield code="1">0</subfield>
    <subfield code="2">ddc</subfield>
    <subfield code="4">0</subfield>
    <subfield code="7">0</subfield>
    <subfield code="a">BPMET</subfield>
    <subfield code="b">BPMET</subfield>
    <subfield code="d">2021-03-10</subfield>
    <subfield code="e">Compra</subfield>
    <subfield code="o">BPMSU CD H861.09 C422p 1995</subfield>
    <subfield code="p">BPMSU21030017</subfield>
    <subfield code="r">2021-03-10</subfield>
    <subfield code="t">e. 3</subfield>
    <subfield code="w">2021-03-10</subfield>
    <subfield code="y">BK</subfield>
  </datafield>
  <datafield tag="999" ind1=" " ind2=" ">
    <subfield code="c">13392</subfield>
    <subfield code="d">13392</subfield>
  </datafield>
</record>
